[Event "GER-chT U10"]
[Site "Magdeburg"]
[Date "2013.12.28"]
[Round "3.4"]
[White "Lehns, Adrian"]
[Black "Reinecke, Alexander"]
[Result "0-1"]
[WhiteElo "758"]
[BlackElo "803"]
[PlyCount "41"]
[EventDate "2013.12.27"]
[EventType "team-swiss"]
[EventRounds "5"]
[EventCountry "GER"]
[SourceTitle "EXT 2015"]
[Source "ChessBase"]
[SourceDate "2014.11.20"]
[SourceVersion "1"]
[SourceVersionDate "2014.11.20"]
[SourceQuality "1"]
[WhiteTeam "Oberland II"]
[BlackTeam "Langen"]
[WhiteTeamCountry "GER"]
[BlackTeamCountry "GER"]

1. e4 e5 2. Nf3 Nc6 3. Bc4 Bc5 4. c3 Nf6 5. d4 exd4 6. cxd4 Bb6 7. d5 Na5 8. Be2 Nxe4 9. 0-0 0-0 10. Bd3 Re8 11. Re1 Bxf2+ 12. Kh1 Bxe1 13. Qxe1 Nc5 14. Qxa5 Nxd3 15. Bg5 f6 16. Bh4 d6 17. Qc3 Nf4 18. Bg3 Ne2 19. Qd3 Nxg3+ 20. hxg3 Bg4 21. Nh4 0-1